Adivina el futbolista por su trayectoria - Estadísticas

Estadísticas generales
  • Esta prueba ha sido intentada 46 veces
  • La puntuación promedio es 9 de 11
Estadísticas de respuestas
Hint Respuesta % Correcto
Real Sociedad- Athletic Club-Barcelona-Al Nassr Íñigo Martínez
93%
Athletic Club- Burgos-Valladolid- Athletic Club- Mallorca- Valencia- Athletic Club Artiz Aduriz
90%
Valencia Mestalla-Málaga-Real Madrid-Sevilla-Betis Isco
86%
Real Madrid Castilla-QPR-Real Madrid-Getafe-Valencia-Villarreal Dani Parejo
83%
Real Murcia- Middlesbrough-Eibar-Osasuna-Alavés-Espanyol Kike García
79%
Dinamo Zagreb-NK Zagreb-Dinamo Zagreb-Fenerbahce-Girona-Fenerbahce-Dinamo Zagreb Dominik Livakovic
76%
Utrecht-Feyenoord.Brujas-Hellas Verona-Brujas-Hellas Verona-Fiorentina-Manchester United-Fiorentina-Fenerbahce-Fiorentina-Fenerbahce-Betis Sofyan Amrabat
76%
Atlético de Madrid-Villarreal-Atlético de Madrid-Porto-Atlético de Madrid-Sevilla-Rayados de Monterrey Óliver Torres
74%
Valencia-Getafe-Barcelona-Dortmund-Barcelona-Villarreal-Sharjah FC-EMirates Club-Sharjah FC Paco Alcácer
74%
Villarreal-Huesca-Villarreal-Granada-Leganés-Valencia Dani Raba
71%
Córdoba-Huesca-Celta-Atlético de Madrid-Real Sociedad-Atlético de Madrid-Osasuna Javi Galán
71%
No se encontraron pruebas coincidentes
Distribución de puntuación
Porcentaje de gente con cada puntuación
Porcentaje por número respondido
Historial de tus puntuaciones
No has intentado esta prueba.